000 00537nam a2200181 i 4500
001 100360
003 ES-MaACL
005 20230906182647.0
007 t|
008 050926s1977 sp ||||1| spa d
245 0 3 _aEl Marxismo y la cuestión social /
_cMarx, Engels, Kautsky...; [traducción y notas José Mª Colomé].
250 _a[2ª ed.].
260 _aBarcelona :
_bAvance,
_c1977.
300 _a295 p. ;
_c24 cm.
700 1 _aColomé, Jose María.
_9209156
852 _aES-MaACL
_jA-7757
_bR.96722
999 _c100360
_d100360